[Event "First Saturday 2011 aprilis IM"]
[Site "Budapest"]
[Date "2011.04.07"]
[Round "6"]
[White "Brustkern, Juergen"]
[Black "Nagy, Ervin dr"]
[Result "0-1"]
[WhiteElo "2275"]
[BlackElo "2261"]
[PlyCount "96"]
[EventDate "2011.04.02"]

1. e4 d6 2. d4 Nf6 3. Nc3 g6 4. f4 Bg7 5. Nf3 O-O 6. Bd3 Nc6 7. e5 dxe5 8. fxe5
Nh5 9. Be3 f6 10. exf6 exf6 11. Bc4+ Kh8 12. Qd2 Bg4 13. O-O-O Bxf3 14. gxf3
Qd7 15. Ne4 Nd8 16. Ng3 Qh3 17. Bh6 Nf7 18. Bxg7+ Nxg7 19. f4 Nd6 20. Bb3 Rfe8
21. Rde1 h5 22. Rhg1 Kh7 23. c3 h4 24. Rxe8 Rxe8 25. Bc2 f5 26. Nh1 Nc4 27. Qf2
Ne3 28. Ba4 c6 29. Bd1 Nxd1 30. Rxd1 Qe3+ 31. Rd2 Qe1+ 32. Rd1 Qxf2 33. Nxf2
Nh5 34. Nd3 Re3 35. Kc2 Rf3 36. Re1 Nxf4 37. Re7+ Kh6 38. Ne5 Rh3 39. Rxb7
Rxh2+ 40. Kb3 Rf2 41. Nxc6 h3 42. Re7 h2 43. Re1 Re2 44. Rh1 g5 45. d5 Nxd5 46.
Nd4 Rf2 47. Nxf5+ Rxf5 48. Rxh2+ Kg6 0-1

[Event "First Saturday 2011 aprilis IM"]
[Site "Budapest"]
[Date "2011.04.07"]
[Round "6"]
[White "Kantor, Gergely"]
[Black "Lengyel, Bela"]
[Result "1/2-1/2"]
[WhiteElo "2147"]
[BlackElo "2296"]
[PlyCount "106"]
[EventDate "2011.04.02"]

1. d4 d5 2. c4 e6 3. Nc3 Nf6 4. cxd5 exd5 5. Bg5 Be7 6. e3 c6 7. Bd3 Nbd7 8.
Nge2 Nf8 9. O-O Ne6 10. Bh4 O-O 11. Qc2 g6 12. f3 b6 13. Bf2 Bb7 14. h3 Rc8 15.
Qd2 c5 16. Rad1 cxd4 17. Nxd4 Nxd4 18. exd4 Ne8 19. Bg3 Nd6 20. Rfe1 Nc4 21.
Bxc4 Rxc4 22. Qe3 Bg5 23. Bf4 Bf6 24. Bh6 Bg7 25. Bxg7 Kxg7 26. Qe5+ Kg8 27.
Re3 a6 28. f4 b5 29. a3 b4 30. axb4 Rxb4 31. Rd2 Bc6 32. f5 Re8 33. Qf4 Rxe3
34. Qxe3 Qf6 35. fxg6 hxg6 36. Qf2 Qg5 37. Rd1 Kg7 38. Rf1 Qe7 39. Qd2 Rb7 40.
Rf2 a5 41. Qf4 f6 42. Re2 Qf7 43. Qd6 Qc7 44. Re6 Qxd6 45. Rxd6 Be8 46. Rxd5 a4
47. Rd8 Kf7 48. Ra8 Rxb2 49. Nxa4 Rxg2+ 50. Kxg2 Bc6+ 51. Kg3 Bxa8 52. h4 Bd5
53. Kf4 Ke6 1/2-1/2

[Event "First Saturday 2011 aprilis IM"]
[Site "Budapest"]
[Date "2011.04.07"]
[Round "6"]
[White "Csonka, Balazs"]
[Black "Tran, Tuan Minh"]
[Result "1/2-1/2"]
[WhiteElo "2188"]
[BlackElo "2295"]
[PlyCount "51"]
[EventDate "2011.04.02"]

1. e4 e6 2. d4 d5 3. Nd2 h6 4. c3 c5 5. exd5 exd5 6. Bb5+ Nc6 7. Qe2+ Be6 8.
Ngf3 a6 9. Bxc6+ bxc6 10. O-O Nf6 11. Ne5 Qc8 12. dxc5 Bxc5 13. Nb3 Be7 14. Re1
O-O 15. Ng6 Re8 16. Nxe7+ Rxe7 17. Be3 Bf5 18. f3 Qc7 19. Qf2 Nd7 20. Bc5 Rxe1+
21. Rxe1 a5 22. Bd4 Qd6 23. Nc5 Nxc5 24. Bxc5 Qg6 25. a3 a4 26. Re7 1/2-1/2

[Event "First Saturday 2011 aprilis IM"]
[Site "Budapest"]
[Date "2011.04.07"]
[Round "6"]
[White "Oparin, Grigoriy"]
[Black "Papp, Petra"]
[Result "1/2-1/2"]
[WhiteElo "2345"]
[BlackElo "2230"]
[PlyCount "101"]
[EventDate "2011.04.02"]

1. e4 e5 2. Nf3 Nc6 3. Bb5 a6 4. Ba4 Nf6 5. O-O b5 6. Bb3 Bc5 7. a4 Rb8 8. c3
d6 9. d4 Bb6 10. a5 Ba7 11. h3 Bb7 12. Be3 Ra8 13. Re1 O-O 14. Nbd2 Re8 15. Ng5
Re7 16. d5 Nb8 17. Bxa7 Rxa7 18. Nf1 Nbd7 19. Bc2 Nf8 20. Ne3 Ng6 21. g3 h6 22.
Nf3 c6 23. Qd2 cxd5 24. Nxd5 Bxd5 25. exd5 Rac7 26. Nh2 Qc8 27. h4 e4 28. f3
Qh3 29. Qg2 Qxg2+ 30. Kxg2 exf3+ 31. Nxf3 Nxd5 32. Be4 Nf6 33. Bxg6 fxg6 34.
Nd4 Ne4 35. Nc2 Nc5 36. Nb4 Nb3 37. Rad1 Nxa5 38. Rxe7 Rxe7 39. Rxd6 Nc4 40.
Rxa6 Re2+ 41. Kf3 Rxb2 42. Nd5 Rd2 43. Ke4 Kf7 44. Ra7+ Kf8 45. Nc7 Nd6+ 46.
Ke3 Nc4+ 47. Kf4 g5+ 48. hxg5 hxg5+ 49. Kxg5 Rd3 50. g4 Rxc3 51. Nxb5 1/2-1/2

[Event "First Saturday 2011 aprilis IM"]
[Site "Budapest"]
[Date "2011.04.07"]
[Round "6"]
[White "Lamorelle, Julien"]
[Black "Hirneise, Tobias"]
[Result "0-1"]
[WhiteElo "2342"]
[BlackElo "2431"]
[PlyCount "110"]
[EventDate "2011.04.02"]

1. e4 d6 2. d4 Nf6 3. Nc3 e5 4. dxe5 dxe5 5. Qxd8+ Kxd8 6. Bg5 Nbd7 7. O-O-O a6
8. f4 h6 9. Bh4 exf4 10. e5 g5 11. exf6 gxh4 12. Nf3 c6 13. Ne4 Kc7 14. Bc4 Nc5
15. Rhe1 Bg4 16. Bxf7 Nxe4 17. Rxe4 Bc5 18. Kb1 Rhf8 19. b4 Bd6 20. Be6 Rae8
21. Rde1 Bxf3 22. gxf3 Rxf6 23. a3 Rg6 24. Bg4 Rxe4 25. Rxe4 Rg5 26. Re8 h5 27.
Bh3 a5 28. c3 axb4 29. axb4 c5 30. Re4 Rg1+ 31. Kc2 Rh1 32. Re2 cxb4 33. cxb4
Bxb4 34. Kd3 Bc5 35. Be6 Kd6 36. h3 Rf1 37. Bc8 Kc7 38. Bf5 Rxf3+ 39. Ke4 Rf1
40. Rc2 b6 41. Rc3 Kd6 42. Rd3+ Kc6 43. Rf3 Rxf3 44. Kxf3 Be3 45. Bg6 Kd5 46.
Bxh5 b5 47. Kg4 b4 48. Kxh4 Bf2+ 49. Kg4 Ke4 50. h4 f3 51. Be8 b3 52. h5 Bd4
53. Kg3 Ke3 54. h6 b2 55. Bg6 f2 0-1

[Event "First Saturday 2011 aprilis IM"]
[Site "Budapest"]
[Date "2011.04.08"]
[Round "7"]
[White "Hirneise, Tobias"]
[Black "Brustkern, Juergen"]
[Result "1-0"]
[WhiteElo "2431"]
[BlackElo "2275"]
[PlyCount "73"]
[EventDate "2011.04.02"]

1. e4 c5 2. Nf3 Nc6 3. d4 cxd4 4. Nxd4 Nf6 5. Nc3 d6 6. Bg5 e6 7. Qd2 a6 8.
O-O-O Bd7 9. f3 Be7 10. h4 h6 11. Be3 h5 12. Bg5 Ne5 13. Bd3 b5 14. Kb1 Qb6 15.
Nce2 O-O-O 16. Rc1 Kb8 17. Be3 Qb7 18. Nb3 Rc8 19. Na5 Qc7 20. Nf4 Bd8 21. b4
Qc3 22. Nb3 Qxd2 23. Nxd2 Kb7 24. c4 Nxd3 25. Nxd3 e5 26. c5 Be7 27. Nb3 Ka8
28. cxd6 Bxd6 29. Ndc5 Bxc5 30. Nxc5 a5 31. bxa5 Bc6 32. Nd3 Bd7 33. Nxe5 Be6
34. Rhd1 Kb7 35. Rd6 Rxc1+ 36. Bxc1 Rb8 37. Be3 1-0

[Event "First Saturday 2011 aprilis IM"]
[Site "Budapest"]
[Date "2011.04.08"]
[Round "7"]
[White "Papp, Petra"]
[Black "Lamorelle, Julien"]
[Result "0-1"]
[WhiteElo "2230"]
[BlackElo "2342"]
[PlyCount "58"]
[EventDate "2011.04.02"]

1. e4 c5 2. Nf3 e6 3. d4 cxd4 4. Nxd4 Nf6 5. Nc3 Nc6 6. Ndb5 d6 7. Bf4 e5 8.
Bg5 a6 9. Na3 b5 10. Bxf6 gxf6 11. Nd5 f5 12. Bd3 Be6 13. c3 Bxd5 14. exd5 Ne7
15. Nxb5 Bg7 16. Na3 O-O 17. O-O e4 18. Bc2 Qa5 19. Bb3 f4 20. Nc2 Kh8 21. Qh5
Be5 22. Nd4 Bxd4 23. cxd4 f5 24. Qh6 Ng6 25. Rac1 Rae8 26. h4 Qd8 27. h5 Nh4
28. Rc6 Nf3+ 29. gxf3 Rg8+ 0-1

[Event "First Saturday 2011 aprilis IM"]
[Site "Budapest"]
[Date "2011.04.08"]
[Round "7"]
[White "Battey, Alexander"]
[Black "Csonka, Balazs"]
[Result "1/2-1/2"]
[WhiteElo "2260"]
[BlackElo "2188"]
[PlyCount "39"]
[EventDate "2011.04.02"]

1. e4 c6 2. d4 d5 3. e5 Bf5 4. Nd2 e6 5. Nb3 Nd7 6. Nf3 Ne7 7. Be2 c5 8. Bg5 h6
9. Bh4 Qc7 10. O-O Nc6 11. c4 dxc4 12. Bxc4 cxd4 13. Nbxd4 Nxd4 14. Qxd4 Bc5
15. Qc3 Rc8 16. Bb5 a6 17. Bxd7+ Qxd7 18. Rfd1 Qc6 19. Nd4 Bxd4 20. Qxd4
1/2-1/2

[Event "First Saturday 2011 aprilis IM"]
[Site "Budapest"]
[Date "2011.04.08"]
[Round "7"]
[White "Lengyel, Bela"]
[Black "To, Nhat Minh"]
[Result "1/2-1/2"]
[WhiteElo "2296"]
[BlackElo "2345"]
[PlyCount "48"]
[EventDate "2011.04.02"]

1. e4 Nf6 2. e5 Nd5 3. d4 d6 4. Nf3 dxe5 5. Nxe5 c6 6. Be2 Nd7 7. Nxd7 Bxd7 8.
O-O Bf5 9. c3 e6 10. Re1 Be7 11. Nd2 O-O 12. Nc4 Qc7 13. Ne3 Nxe3 14. Bxe3 Rad8
15. Qa4 a6 16. Rad1 c5 17. dxc5 Bxc5 18. Bxc5 Qxc5 19. Rxd8 Rxd8 20. Rd1 Rxd1+
21. Qxd1 Qc7 22. Bf3 b6 23. Qd4 a5 24. h4 h6 1/2-1/2

[Event "First Saturday 2011 aprilis IM"]
[Site "Budapest"]
[Date "2011.04.08"]
[Round "7"]
[White "Nagy, Ervin dr"]
[Black "Kantor, Gergely"]
[Result "1/2-1/2"]
[WhiteElo "2261"]
[BlackElo "2147"]
[PlyCount "99"]
[EventDate "2011.04.02"]

1. Nf3 Nf6 2. c4 e6 3. b3 d5 4. Bb2 a5 5. e3 a4 6. Be2 axb3 7. axb3 Rxa1 8.
Bxa1 Bd6 9. O-O O-O 10. Qc2 Na6 11. Nc3 Nb4 12. Qb1 c6 13. d4 b6 14. e4 Nxe4
15. Nxe4 dxe4 16. Qxe4 f5 17. Qb1 Bb7 18. Rd1 Qc7 19. Bc3 c5 20. d5 exd5 21.
Bxb4 cxb4 22. cxd5 Bc5 23. Bc4 Qd6 24. Qd3 Bc8 25. Re1 Bd7 26. Qd2 b5 27. Bf1
Re8 28. Rxe8+ Bxe8 29. Qd3 Bd7 30. g3 Qe7 31. Bg2 Qf6 32. Qc2 Qc3 33. Qb1 f4
34. gxf4 h6 35. Ne5 Bf5 36. Be4 Bxe4 37. Qxe4 Qxb3 38. Kg2 Qd1 39. Nd3 Qg4+ 40.
Kf1 Qd1+ 41. Kg2 Qg4+ 42. Kf1 Bf8 43. Ke1 Qd7 44. f5 Qc7 45. Qe6+ Kh7 46. Ne5
b3 47. Qg6+ Kg8 48. Qe6+ Kh7 49. Qg6+ Kg8 50. Qe6+ 1/2-1/2

[Event "First Saturday 2011 aprilis IM"]
[Site "Budapest"]
[Date "2011.04.09"]
[Round "8"]
[White "Brustkern, Juergen"]
[Black "Kantor, Gergely"]
[Result "1/2-1/2"]
[WhiteElo "2275"]
[BlackElo "2147"]
[PlyCount "56"]
[EventDate "2011.04.02"]

1. d4 Nf6 2. Nf3 e6 3. e3 c5 4. Bd3 b6 5. O-O Bb7 6. c4 Be7 7. Nc3 d5 8. cxd5
exd5 9. Bb5+ Bc6 10. Qa4 Bxb5 11. Qxb5+ Qd7 12. dxc5 bxc5 13. Ne5 Qxb5 14. Nxb5
Na6 15. Nc6 Kd7 16. Nxe7 Kxe7 17. b3 Rab8 18. a4 Ne4 19. Rd1 Ke6 20. Ba3 Rhd8
21. Rac1 Rb7 22. f3 Nd6 23. Bxc5 Nxb5 24. axb5 Rxb5 25. Bxa7 Rxb3 26. e4 Nb4
27. exd5+ Rxd5 28. Rxd5 Nxd5 1/2-1/2

[Event "First Saturday 2011 aprilis IM"]
[Site "Budapest"]
[Date "2011.04.09"]
[Round "8"]
[White "Csonka, Balazs"]
[Black "Lengyel, Bela"]
[Result "1/2-1/2"]
[WhiteElo "2188"]
[BlackElo "2296"]
[PlyCount "120"]
[EventDate "2011.04.02"]

1. d4 d5 2. c4 c6 3. Nf3 Nf6 4. Nc3 dxc4 5. a4 Bf5 6. Ne5 e6 7. f3 Bb4 8. Nxc4
Nbd7 9. e4 Nxe4 10. fxe4 Qh4+ 11. Kd2 Bxe4 12. Qe1 Qxe1+ 13. Kxe1 Bg6 14. Bd2
O-O 15. Ne2 Bxd2+ 16. Nxd2 e5 17. Kf2 exd4 18. Nxd4 Ne5 19. N4f3 Rfd8 20. Be2
Nd3+ 21. Bxd3 Rxd3 22. Rhe1 Rad8 23. Nc4 f6 24. Re3 R3d7 25. b4 Bf7 26. Rc1 g5
27. h3 h5 28. Kg3 h4+ 29. Kf2 Rd1 30. Rec3 Rxc1 31. Rxc1 Rd3 32. Na5 Rd7 33. b5
cxb5 34. Rc8+ Kg7 35. axb5 Rd5 36. Nxb7 Rxb5 37. Nd6 Rb2+ 38. Kg1 Bd5 39. Rc7+
Kg6 40. Rxa7 Rb1+ 41. Kh2 Rb2 42. Ra3 Rb3 43. Rxb3 Bxb3 44. Kg1 Bc2 45. Kf2 Bd3
46. Ne1 Ba6 47. Ke3 f5 48. Nf3 Kf6 49. Kf2 Kg6 50. Kg1 Kf6 51. Ne8+ Kg6 52.
Ne5+ Kh6 53. Nd6 g4 54. Nxf5+ Kg5 55. hxg4 Kf4 56. Ng6+ Kxg4 57. Ngxh4 Bb7 58.
g3 Be4 59. Nd6 Kxg3 60. Nxe4+ Kxh4 1/2-1/2

[Event "First Saturday 2011 aprilis IM"]
[Site "Budapest"]
[Date "2011.04.09"]
[Round "8"]
[White "Oparin, Grigoriy"]
[Black "Battey, Alexander"]
[Result "1/2-1/2"]
[WhiteElo "2345"]
[BlackElo "2260"]
[PlyCount "113"]
[EventDate "2011.04.02"]

1. e4 e5 2. Nf3 Nc6 3. Bb5 a6 4. Ba4 Nf6 5. O-O Be7 6. Re1 b5 7. Bb3 d6 8. c3
O-O 9. h3 Na5 10. Bc2 c5 11. d4 Qc7 12. Nbd2 cxd4 13. cxd4 Nc6 14. d5 Nb4 15.
Bb1 a5 16. a3 Na6 17. b4 Bd7 18. Qb3 Rfc8 19. Bb2 Nh5 20. Bd3 Nf4 21. Rac1 Qa7
22. Bf1 Bd8 23. Nh2 Bb6 24. Qf3 axb4 25. Ng4 Rxc1 26. Rxc1 Bd4 27. Bxd4 Qxd4
28. Nb3 Qb6 29. axb4 Nxb4 30. g3 Ng6 31. Qc3 Na6 32. Ne3 Ne7 33. Rb1 f5 34.
exf5 Nxf5 35. Nxf5 Bxf5 36. Rb2 Bd7 37. Nd2 Rf8 38. Ne4 Nc5 39. Qe3 Rb8 40. Nd2
Na4 41. Qxb6 Rxb6 42. Rb4 Nc3 43. Nc4 Ra6 44. Ne3 Ra1 45. Rb3 Ne4 46. Kg2 Nd2
47. Rb2 Nxf1 48. Nxf1 Bxh3+ 49. Kxh3 Rxf1 50. Kg4 b4 51. f3 Rd1 52. Kf5 Rxd5
53. Rxb4 Rd3 54. Rb8+ Kf7 55. Rb7+ Kg8 56. Rb8+ Kf7 57. Rb7+ 1/2-1/2

[Event "First Saturday 2011 aprilis IM"]
[Site "Budapest"]
[Date "2011.04.09"]
[Round "8"]
[White "Lamorelle, Julien"]
[Black "Tran, Tuan Minh"]
[Result "0-1"]
[WhiteElo "2342"]
[BlackElo "2295"]
[PlyCount "104"]
[EventDate "2011.04.02"]

1. e4 e6 2. d4 d5 3. Nc3 Bb4 4. e5 c5 5. a3 Bxc3+ 6. bxc3 Qc7 7. Bd2 b6 8. Qg4
g6 9. Bb5+ Bd7 10. Bd3 c4 11. Be2 Ba4 12. Kd1 Nc6 13. h4 h5 14. Qf3 O-O-O 15.
Bg5 Rd7 16. Nh3 Kb7 17. Qf4 Rh7 18. Kd2 Nce7 19. f3 Nc6 20. g4 Na5 21. Bf6 Nxf6
22. Qxf6 Qc8 23. Ng5 Rh8 24. gxh5 gxh5 25. f4 Qe8 26. f5 Re7 27. Raf1 Ka6 28.
fxe6 fxe6 29. Nf7 Rg8 30. Bxh5 Bxc2 31. Kxc2 Qa4+ 32. Kd2 Qxa3 33. Ng5 Qb2+ 34.
Ke3 Qxc3+ 35. Kf4 Qxd4+ 36. Kg3 Rgg7 37. Kh3 c3 38. Nxe6 Rxe6 39. Be2+ Nc4 40.
Bxc4+ Qxc4 41. Qxg7 c2 42. Qg4 d4 43. Qe4 Rc6 44. Ra1+ Kb5 45. Rhf1 d3 46. Qe3
Qc3 47. e6 d2 48. Rf5+ Kb4 49. Rf4+ Kb3 50. Rf3 c1=Q 51. e7 d1=Q 52. e8=Q Qxf3+
0-1

[Event "First Saturday 2011 aprilis IM"]
[Site "Budapest"]
[Date "2011.04.09"]
[Round "8"]
[White "Hirneise, Tobias"]
[Black "Papp, Petra"]
[Result "1-0"]
[WhiteElo "2431"]
[BlackElo "2230"]
[PlyCount "104"]
[EventDate "2011.04.02"]

1. e4 e5 2. Nf3 Nc6 3. Bb5 a6 4. Ba4 Nf6 5. d3 b5 6. Bb3 Bc5 7. Nc3 d6 8. Nd5
h6 9. c3 O-O 10. O-O Ba7 11. Be3 Be6 12. Bxa7 Rxa7 13. a4 Rb7 14. axb5 axb5 15.
Re1 b4 16. Ba4 Bxd5 17. exd5 Ne7 18. c4 Nd7 19. d4 exd4 20. Nxd4 Ne5 21. f4
Nxc4 22. Qe2 Nxd5 23. Qxc4 Nxf4 24. Nc6 Qg5 25. g3 Ne6 26. Rxe6 fxe6 27. Qxe6+
Kh7 28. Ne7 g6 29. Kg2 b3 30. Rf1 Kg7 31. Rxf8 Kxf8 32. Qc8+ Kxe7 33. Qxb7 Qd2+
34. Kh3 Qxb2 35. Qxc7+ Ke6 36. Qd7+ Kd5 37. Bxb3+ Kc5 38. Qc7+ Kb4 39. Bf7 Qf6
40. Qc4+ Ka5 41. Qa2+ Kb6 42. Qb1+ Kc5 43. Bxg6 d5 44. Qc1+ Kb5 45. Qxh6 Qf1+
46. Kh4 Qf6+ 47. Qg5 Qh8+ 48. Bh5 Kc4 49. Qc1+ Kd3 50. Qd1+ Kc4 51. Qc2+ Kb4
52. Qd2+ Kb3 {after 8 move} 1-0

[Event "First Saturday 2011 aprilis IM"]
[Site "Budapest"]
[Date "2011.04.10"]
[Round "9"]
[White "Papp, Petra"]
[Black "Brustkern, Juergen"]
[Result "0-1"]
[WhiteElo "2230"]
[BlackElo "2275"]
[PlyCount "110"]
[EventDate "2011.04.02"]

1. e4 c5 2. Nf3 Nc6 3. d4 cxd4 4. Nxd4 Nf6 5. Nc3 d6 6. Bg5 e6 7. Qd2 a6 8.
O-O-O Bd7 9. f3 Be7 10. Kb1 Rc8 11. h4 h6 12. Be3 h5 13. Nxc6 Bxc6 14. Bg5 b5
15. Ne2 Qc7 16. Nd4 Bd7 17. Be2 Qb7 18. Rhe1 O-O 19. g4 hxg4 20. Rg1 Rfe8 21.
Nb3 Qc7 22. c3 e5 23. Bxf6 Bxf6 24. fxg4 Bc6 25. Bf3 Rcd8 26. g5 Be7 27. Qg2
Bf8 28. g6 Re6 29. h5 Rf6 30. Rdf1 Rf4 31. Nd2 Re8 32. h6 Re6 33. Bh5 f5 34.
Qh3 gxh6 35. Rxf4 exf4 36. exf5 Rf6 37. Bd1 Bd7 38. Bc2 Qc5 39. Qg2 f3 40. Nxf3
Bxf5 41. g7 Bxc2+ 42. Kxc2 Qf5+ 43. Kc1 Be7 44. Nd2 d5 45. Qe2 Re6 46. Qh2 Bg5
47. Qg2 Kxg7 48. Rf1 Qd3 49. Rd1 Re2 50. Qg4 Kg6 51. a3 a5 52. b3 a4 53. b4
Rxd2 54. Qe6+ Kh5 55. Qf7+ Kh4 0-1

[Event "First Saturday 2011 aprilis IM"]
[Site "Budapest"]
[Date "2011.04.10"]
[Round "9"]
[White "Tran, Tuan Minh"]
[Black "Hirneise, Tobias"]
[Result "1/2-1/2"]
[WhiteElo "2295"]
[BlackElo "2431"]
[PlyCount "100"]
[EventDate "2011.04.02"]

1. d4 Nf6 2. Bf4 g6 3. e3 Bg7 4. Nf3 d6 5. Nbd2 O-O 6. h3 Nfd7 7. Be2 e5 8. Bh2
Nc6 9. dxe5 dxe5 10. O-O Nb6 11. Bb5 Qe7 12. c3 Bd7 13. e4 a6 14. Bxc6 Bxc6 15.
Re1 Rad8 16. Qc2 Rd7 17. a4 a5 18. c4 Qb4 19. b3 Bh6 20. Nb1 f6 21. Nc3 Qc5 22.
Rad1 Rfd8 23. Rxd7 Bxd7 24. Rd1 c6 25. Rd3 Re8 26. Qd1 Be6 27. Rd8 Qe7 28.
Rxe8+ Qxe8 29. Qd6 Nd7 30. g4 g5 31. Qc7 Qb8 32. Qxb8+ Nxb8 33. Ne1 Na6 34. Nd3
Bf8 35. Kf1 Nb4 36. Nc1 Nc2 37. N3e2 Bc5 38. f3 Kf7 39. Nd3 Bd4 40. Nec1 Ke7
41. Bg3 h5 42. Be1 b6 43. Ke2 Bg1 44. Bc3 h4 45. Kd2 Nd4 46. Bxd4 Bxd4 47. Kc2
Kd6 48. Ne2 Bc8 49. Nc3 Kc7 50. Nb2 Kd6 1/2-1/2

[Event "First Saturday 2011 aprilis IM"]
[Site "Budapest"]
[Date "2011.04.10"]
[Round "9"]
[White "Battey, Alexander"]
[Black "Lamorelle, Julien"]
[Result "1/2-1/2"]
[WhiteElo "2260"]
[BlackElo "2342"]
[PlyCount "89"]
[EventDate "2011.04.02"]

1. e4 c5 2. Nf3 e6 3. d4 cxd4 4. Nxd4 Nf6 5. Nc3 Nc6 6. Nxc6 bxc6 7. e5 Nd5 8.
Ne4 Qc7 9. f4 Qb6 10. c4 Bb4+ 11. Ke2 Ba6 12. Kf3 f5 13. Nf2 Ne7 14. b3 Bc5 15.
Nd3 Bd4 16. Bb2 Bb7 17. c5 Bxc5 18. Nxc5 Qxc5 19. Bc4 Ng6 20. h4 Nxf4 21. Bd4
Qxd4 22. Qxd4 c5+ 23. Kxf4 cxd4 24. Rhd1 Bxg2 25. Rg1 Bc6 26. Rxg7 O-O-O 27.
Bxe6 dxe6 28. Rc1 Rhg8 29. Rxc6+ Kb8 30. Rxg8 Rxg8 31. Rxe6 Rd8 32. Rc6 d3 33.
Rc1 d2 34. Rd1 Kc7 35. Kxf5 Rd4 36. h5 Kd7 37. Kf6 Rf4+ 38. Kg5 Rf2 39. Kg4 Ke6
40. Kg3 Re2 41. Kf3 Rh2 42. Ke3 Kxe5 43. Rxd2 Rxh5 44. Rd7 Rh3+ 45. Ke2 1/2-1/2

[Event "First Saturday 2011 aprilis IM"]
[Site "Budapest"]
[Date "2011.04.10"]
[Round "9"]
[White "Lengyel, Bela"]
[Black "Oparin, Grigoriy"]
[Result "1/2-1/2"]
[WhiteElo "2296"]
[BlackElo "2345"]
[PlyCount "121"]
[EventDate "2011.04.02"]

1. e4 c5 2. Nf3 d6 3. d4 cxd4 4. Nxd4 Nf6 5. Nc3 a6 6. Be2 e6 7. O-O Be7 8. f4
O-O 9. Kh1 Nc6 10. Be3 Qc7 11. Qe1 Nxd4 12. Bxd4 b5 13. a3 Bb7 14. Qg3 Rad8 15.
Rae1 Rd7 16. Bd3 Re8 17. Re2 Qd8 18. Qh3 g6 19. f5 e5 20. Be3 Nh5 21. Ref2 Nf4
22. Bxf4 exf4 23. Rxf4 Bg5 24. R4f3 Rc7 25. Nd5 Bxd5 26. exd5 Re5 27. g3 Qe7
28. a4 Re1 29. axb5 axb5 30. Qg4 Bf6 31. Qb4 Rxf1+ 32. Rxf1 Rc5 33. Re1 Be5 34.
Qe4 Qg5 35. b4 Rc3 36. Qe2 Kg7 37. Rf1 Ra3 38. Bxb5 Re3 39. Qd2 gxf5 40. Bd3
Qh6 41. Bxf5 Bc3 42. Qf2 Re7 43. b5 Qf6 44. Bd3 Qxf2 45. Rxf2 Bd4 46. Rf4 Bc5
47. Rg4+ Kf6 48. Bxh7 Re1+ 49. Kg2 Re2+ 50. Kf3 Rf2+ 51. Ke4 Rxh2 52. Rf4+ Kg7
53. Bf5 Rxc2 54. Kd3 Rb2 55. Rg4+ Kf6 56. Bd7 Rb3+ 57. Kc2 Rf3 58. Rg8 Ke5 59.
Rg5+ Kd4 60. g4 Kc4 61. Rf5 1/2-1/2

[Event "First Saturday 2011 aprilis IM"]
[Site "Budapest"]
[Date "2011.04.10"]
[Round "9"]
[White "Nagy, Ervin dr"]
[Black "Csonka, Balazs"]
[Result "1/2-1/2"]
[WhiteElo "2261"]
[BlackElo "2188"]
[PlyCount "78"]
[EventDate "2011.04.02"]

1. Nf3 d5 2. c4 c6 3. e3 Nf6 4. b3 Bg4 5. Be2 Nbd7 6. Bb2 e6 7. O-O Bd6 8. Nc3
O-O 9. Nd4 Bxe2 10. Qxe2 Qe7 11. cxd5 Nxd5 12. Nxd5 cxd5 13. Nb5 Rfc8 14. Nxd6
Qxd6 15. Qg4 f6 16. Rfc1 Kh8 17. Qa4 Nc5 18. Qa3 a6 19. Rc2 Ne4 20. Rac1 Qd7
21. Qe7 Qxe7 22. Rxc8+ Qd8 23. Rxd8+ Rxd8 24. Rc7 Nd6 25. Ba3 Nb5 26. Be7 Nxc7
27. Bxd8 Ne8 28. f3 Kg8 29. Kf2 Kf7 30. e4 dxe4 31. fxe4 e5 32. Ke3 Ke6 33. d4
exd4+ 34. Kxd4 Nd6 35. a4 f5 36. exf5+ Nxf5+ 37. Ke4 Nd6+ 38. Kd4 Nf5+ 39. Ke4
Nd6+ 1/2-1/2

[Event "First Saturday 2011 aprilis IM"]
[Site "Budapest"]
[Date "2011.04.10"]
[Round "9"]
[White "Kantor, Gergely"]
[Black "To, Nhat Minh"]
[Result "1/2-1/2"]
[WhiteElo "2147"]
[BlackElo "2345"]
[PlyCount "97"]
[EventDate "2011.04.02"]

1. d4 b6 2. e4 Bb7 3. Bd3 Nf6 4. Nd2 Nc6 5. c3 e5 6. d5 Ne7 7. Ngf3 Ng6 8. g3
c6 9. c4 Be7 10. O-O O-O 11. b3 Re8 12. Bb2 Bf8 13. Qe2 a6 14. a3 h6 15. Ne1 b5
16. Ng2 b4 17. a4 a5 18. Ne3 Bc5 19. Nf5 Qb6 20. Qf3 Nh7 21. Qg4 d6 22. dxc6
Qxc6 23. h4 Bc8 24. h5 Nf6 25. Qf3 Bxf5 26. Qxf5 Nf8 27. Kg2 N6h7 28. f4 f6 29.
Nf3 Ne6 30. Rad1 Nhf8 31. Bb1 Re7 32. Rd5 Rae8 33. Qg4 Nc7 34. Rdd1 exf4 35.
gxf4 Rf7 36. Nd4 Bxd4 37. Rxd4 f5 38. Qf3 Nfe6 39. Rd2 fxe4 40. Bxe4 Nxf4+ 41.
Qxf4 Qxe4+ 42. Qxe4 Rxe4 43. Rxf7 Kxf7 44. Kf3 Re6 45. Bd4 g6 46. hxg6+ Rxg6
47. Bb6 Na6 48. Bxa5 Rf6+ 49. Kg4 1/2-1/2

[Event "First Saturday 2011 aprilis IM"]
[Site "Budapest"]
[Date "2011.04.11"]
[Round "10"]
[White "Brustkern, Juergen"]
[Black "To, Nhat Minh"]
[Result "1/2-1/2"]
[WhiteElo "2275"]
[BlackElo "2345"]
[PlyCount "37"]
[EventDate "2011.04.02"]

1. d4 b6 2. c4 Bb7 3. Nc3 e6 4. Qc2 Bb4 5. e4 Ne7 6. Bd3 Nbc6 7. Nf3 e5 8. d5
Nd4 9. Nxd4 exd4 10. a3 Bxc3+ 11. bxc3 dxc3 12. Qxc3 f6 13. h4 Ng6 14. h5 Ne5
15. Be2 h6 16. O-O d6 17. Qg3 Qe7 18. a4 a5 19. Be3 1/2-1/2

[Event "First Saturday 2011 aprilis IM"]
[Site "Budapest"]
[Date "2011.04.11"]
[Round "10"]
[White "Csonka, Balazs"]
[Black "Kantor, Gergely"]
[Result "1-0"]
[WhiteElo "2188"]
[BlackElo "2147"]
[PlyCount "71"]
[EventDate "2011.04.02"]

1. d4 Nf6 2. c4 e6 3. Nc3 Bb4 4. Qc2 O-O 5. a3 Bxc3+ 6. Qxc3 b5 7. cxb5 c6 8.
Bg5 cxb5 9. e3 Bb7 10. Nf3 h6 11. Bh4 g5 12. Bg3 Ne4 13. Qc2 Na6 14. Nd2 Qa5
15. f3 Rac8 16. Qd1 Nxg3 17. hxg3 Kg7 18. Bd3 f5 19. Kf2 Bd5 20. Rh5 d6 21. Qe2
e5 22. Rah1 e4 23. Bb1 Rf6 24. f4 gxf4 25. gxf4 Bf7 26. R5h2 h5 27. g4 fxg4 28.
Nxe4 Rh6 29. Rxh5 Bxh5 30. Rxh5 Rg6 31. Ng3 Rc1 32. Bxg6 Nc7 33. Bd3 Kf7 34.
Qxg4 Qe1+ 35. Kf3 Qd1+ 36. Be2 1-0

[Event "First Saturday 2011 aprilis IM"]
[Site "Budapest"]
[Date "2011.04.11"]
[Round "10"]
[White "Oparin, Grigoriy"]
[Black "Nagy, Ervin dr"]
[Result "1-0"]
[WhiteElo "2345"]
[BlackElo "2261"]
[PlyCount "51"]
[EventDate "2011.04.02"]

1. e4 d6 2. d4 Nf6 3. Nc3 g6 4. f4 Bg7 5. Nf3 O-O 6. Bd3 Nc6 7. O-O e5 8. fxe5
dxe5 9. d5 Nd4 10. Nxe5 Nxd5 11. exd5 Bxe5 12. Bf4 Bg7 13. Qd2 Bf5 14. Rae1
Bxd3 15. Qxd3 c6 16. Be5 Nf5 17. Bxg7 Kxg7 18. Kh1 h5 19. g4 hxg4 20. Rxf5 gxf5
21. Qxf5 Rh8 22. Qxg4+ Kf8 23. Qb4+ c5 24. Qxc5+ Kg8 25. Rg1+ Kh7 26. Qf2 1-0

[Event "First Saturday 2011 aprilis IM"]
[Site "Budapest"]
[Date "2011.04.11"]
[Round "10"]
[White "Lamorelle, Julien"]
[Black "Lengyel, Bela"]
[Result "1/2-1/2"]
[WhiteElo "2342"]
[BlackElo "2296"]
[PlyCount "81"]
[EventDate "2011.04.02"]

1. e4 e5 2. Nf3 Nc6 3. Nc3 Nf6 4. Bb5 Bb4 5. O-O O-O 6. d3 Bxc3 7. bxc3 d6 8.
Bg5 Qe7 9. Re1 Nd8 10. d4 Ne6 11. Bc1 c5 12. Bc4 Rd8 13. Bd5 Nc7 14. dxe5 dxe5
15. c4 Nfxd5 16. cxd5 Nb5 17. Qd3 Bd7 18. Rb1 Rac8 19. Rxb5 c4 20. Qc3 Bxb5 21.
Nxe5 f6 22. Nf3 Be8 23. Nd4 Bg6 24. Ne6 Rd7 25. Ba3 Qf7 26. f4 Bxe4 27. Rxe4
Rxd5 28. Nd4 Re8 29. Qe3 Rxe4 30. Qxe4 Qd7 31. Bb2 b5 32. a3 a5 33. Nf3 f5 34.
Qe3 b4 35. axb4 axb4 36. Bd4 h6 37. Ne5 Qc7 38. Ng6 Kh7 39. Nf8+ Kg8 40. Ng6
Kh7 41. Nf8+ 1/2-1/2